000 00377nam a2200097Ia 4500
008 221009s9999 xx 000 0 und d
082 _a001
245 0 _aएस एस सी संयुक्‍त स्‍नातक स्‍तर TIER परीक्षा प्रैक्टिस वर्क बुक
260 _bकिरण प्रकाशन
942 _cBK
999 _c65127
_d65127